Chatbots educativos: inteligencia artificial transformando el aprendizaje (Registro nro. 10904)

000 -CABECERA
Campo de control de longitud fija 02005nam a22002897a 4500
003 - IDENTIFICADOR DEL NÚMERO DE CONTROL
Campo de control OSt
005 - FECHA Y HORA DE LA ÚLTIMA TRANSACCIÓN
Campo de control 20260630164138.0
008 - CÓDIGOS DE INFORMACIÓN DE LONGITUD FIJA
Campo de control de longitud fija 260624t2024 xxu||||| |||| 00| 0 spa d
040 ## - FUENTE DE LA CATALOGACIÓN
Centro catalogador de origen Unicoc
Lengua de catalogación spa
Centro que cataloga Bogotá (Dr. David Ordóñez Rueda) - Campus Norte
Centro modificador Bogotá (Dr. David Ordóñez Rueda) - Campus Norte
082 ## - NÚMERO DE LA CLASIFICACIÓN DECIMAL DEWEY
Número de clasificación 371.33
100 ## - PUNTO DE ACCESO PRINCIPAL - NOMBRE DE PERSONA
9 (RLIN) 13134
Nombre de persona Rey Valzacchi, Jorge
245 ## - MENCIÓN DE TÍTULO
Título Chatbots educativos: inteligencia artificial transformando el aprendizaje
Subtitulo o Resto del título : El nuevo paradigma de la enseñanza personalizada
Mención de responsabilidad etc. / Jorge Rey Valzacchi
250 ## - MENCIÓN DE EDICIÓN
Mención de edición 1 Ed.
260 ## - PUBLICATION, DISTRIBUTION, ETC. (IMPRINT)
Lugar de publicación distribución etc. Argentina :
Nombre del editor distribuidor etc. Instituto Latinoamericano de Desarrollo Profesional Docente ,
Fecha de publicación distribución etc. 2024.
300 ## - DESCRIPCIÓN FÍSICA
Extensión 70 páginas
Otras características físicas Ilustraciones, diagramas, tablas, gráficas
440 ## - MENCIÓN DE SERIE
9 (RLIN) 13135
Título Aprende Virtual
505 ## - NOTA DE CONTENIDO CON FORMATO
Título Introducción: Los chatbots en la educación. --
-- 1. El auge de los chatbots con inteligencia artificial en la educación. --
-- 2. Chatbots y aprendizaje personalizado impulsado por la inteligencia artificial. --
-- 3. Interacción alumno-chatbot impulsada por la inteligencia artificial. --
-- 4. Implementación de chatbots con IA en el aula. --
-- 5. Diseño y creación de un chatbot educativo con herramientas de IA. --
-- 6. Chatbots con IA para el aprendizaje de idiomas. --
-- 7. Evaluación y retroalimentación automatizada con IA. --
-- 8. Chatbots como herramientas de inclusión con IA. --
-- 9. Inteligencia Artificial y el futuro de los chatbots educativos. --
-- 10. Ética y desafíos de los chatbots con IA en la educación.
526 ## - NOTA DE INFORMACIÓN SOBRE EL PROGRAMA DE ESTUDIO
Institución que aplica el campo Unicoc
546 ## - NOTA DE LENGUA
Nota de lengua Español
650 #0 - PUNTO DE ACCESO ADICIONAL DE MATERIA - TÉRMINO DE MATERIA
9 (RLIN) 10540
Término de materia o nombre geográfico como elemento inicial Inteligencia artificial
Subdivisión de forma Chatbots educativos
650 #0 - PUNTO DE ACCESO ADICIONAL DE MATERIA - TÉRMINO DE MATERIA
9 (RLIN) 461
Término de materia o nombre geográfico como elemento inicial Educación
Subdivisión de forma Innovaciones tecnológicas
650 #0 - PUNTO DE ACCESO ADICIONAL DE MATERIA - TÉRMINO DE MATERIA
9 (RLIN) 13183
Término de materia o nombre geográfico como elemento inicial Sistemas inteligentes
Subdivisión de forma Aprendizaje personalizado
650 #0 - PUNTO DE ACCESO ADICIONAL DE MATERIA - TÉRMINO DE MATERIA
9 (RLIN) 13184
Término de materia o nombre geográfico como elemento inicial Asistentes virtuales
650 #0 - PUNTO DE ACCESO ADICIONAL DE MATERIA - TÉRMINO DE MATERIA
9 (RLIN) 13185
Término de materia o nombre geográfico como elemento inicial Entornos virtuales de aprendizaje
856 ## - LOCALIZACIÓN Y ACCESO ELECTRÓNICOS
Texto del enlace Acceso online exclusivo para comunidad Unicoc.
Identificador Uniforme del Recurso (URI) https://unicoceduco-my.sharepoint.com/:b:/g/personal/direccionbiblioteca_unicoc_edu_co/IQBpHaTftdHQRJ37jKvoyvgeAZpnjloCuZ6M7IrbraqWte8
942 ## - ENTRADA PARA ELEMENTOS AGREGADOS (KOHA)
Fuente de clasificación o esquema de ordenación en estanterías
Koha [por defecto] tipo de item Libro electrónico
Existencias
Signatura completa Fuente de clasificación o esquema de ordenación en estanterías Localización permanente Estropeado Código de colección Fuente de adquisición Tipo de item de Koha Fecha del precio de reemplazo No para préstamo Código de barras Fecha última consulta Precio Fecha de adquisición Estado de pérdida Localización actual
371.33 Bogotá (Dr. David Ordóñez Rueda) - Campus Norte Coleccion OnlineCompraLibro electrónico2026-06-24 Ebook109042026-06-24200000.002026-06-24 Bogotá (Dr. David Ordóñez Rueda) - Campus Norte

© 2014 UNICOC | Institución Universitaria Colegios de Colombia - UNICOC
Bogotá D.C. Autopista Norte Km. 20. Teléfono:(571)6683535
Cali: Calle 13 Norte No. 3N-13. Teléfono: (572)6608887

Con tecnología de Koha